| 000 | 00770nam a2200229 a 4500 | ||
|---|---|---|---|
| 001 | 84244 | ||
| 003 | BD-RjUL | ||
| 005 | 20241105124554.0 | ||
| 008 | 241105s2024 bg ||||| |||| 00| 0 ben d | ||
| 020 | _a9789849489920 | ||
| 035 | _a(BD-RjUL)84244 | ||
| 040 |
_aBD-RjUL _beng _cBD-RjUL |
||
| 041 | _aben | ||
| 082 |
_223 _a954.92 _bTUM 2024 |
||
| 100 |
_aতুরুকখলী, আব্দুল হান্নান _914121 |
||
| 245 |
_aমুক্তমঞ্চ / _cআব্দুল হান্নান তুরুকখলী |
||
| 260 |
_aসিলেট : _bঘাস প্রকাশন, _c২০২৪ |
||
| 300 |
_a২০৮ পৃ.; _c২২ সেমি. |
||
| 650 | _aবাংলাদেশ | ||
| 650 | _aBangladesh | ||
| 942 |
_2ddc _cBK |
||
| 999 |
_c84244 _d84244 |
||